№ 1; Вестник Московского университета

Bibliographic Details
Parent link:Вестник Московского университета: научный журнал/ Московский государственный университет им М. В. Ломоносова (МГУ). № 1.— , 1995-.— 0201-7385
Language:Russian
Published: 1997
Format: Book
KOHA link:https://koha.lib.tpu.ru/cgi-bin/koha/opac-detail.pl?biblionumber=477250

MARC

LEADER 00000nam2a2200000 4500
001 477250
005 20231101092903.0
035 |a (RuTPU)RU\TPU\prd\143972 
035 |a RU\TPU\prd\143966 
090 |a 477250 
100 |a 20120614a19979999k y0rusy50 ca 
101 0 |a rus 
102 |a RU 
200 0 |a № 1 
210 |d 1997 
461 1 |0 (RuTPU)RU\TPU\prd\1393  |x 0201-7385  |x 0130-0083  |t Вестник Московского университета  |h Сер. 8  |i История  |o научный журнал  |f Московский государственный университет им М. В. Ломоносова (МГУ)  |v № 1  |d 1995- 
801 0 |a RU  |b 63413507  |c 20010227  |g PSBO 
801 1 |a RU  |b 63413507  |c 20120613 
801 2 |a RU  |b 63413507  |c 20130926  |g RCR 
942 |c BK 
999 |a НТБ_ТПУ  |b НФ  |e -4/20120110  |p П-5509и  |u 0,00  |v 1